Návrh a realizácia redundantného páru linuxových serverov

Na minha lista:
Detalhes bibliográficos
Autor principal: Matušík, Martin (Author)
Outros Autores: Eliáš, Michal (Thesis advisor)
Formato: Manuscrito Livro
Idioma:eslovaco
Publicado em: 2016
Assuntos:
Acesso em linha:http://is.stuba.sk/zp/portal_zp.pl?podrobnosti=119057
Tags: Adicionar Tag
Sem tags, seja o primeiro a adicionar uma tag!

MARC

LEADER 00000ntm a22000003a 4500
001 stuzp55181
003 SK-STU
005 20160719154715.9
007 ta
008 150427s2015----xo-----f-mn---000-0-slo-d
040 |a STU  |b slo 
041 0 |a slo 
100 1 |a Matušík, Martin  |u 066000  |k Z4  |4 aut  |U MTF Materiálovotechnologická fakulta  |T MTF Ústav aplikovanej informatiky, automatizácie a mechatroniky  |X 45663  |U M6000  |Y 86  |7 A000045663 
242 0 1 |a Design and implementation of the redundant pair of linux servers  |y eng 
245 1 0 |a Návrh a realizácia redundantného páru linuxových serverov 
260 |c 2016 
650 4 |a ubuntu  |2 slo 
650 4 |a redundancia  |2 slo 
650 4 |a failover  |2 slo 
650 4 |a drbd  |2 slo 
650 4 |a pacemaker  |2 slo 
650 4 |a keepalived  |2 slo 
650 4 |a ubuntu  |2 eng 
650 4 |a redundancy  |2 eng 
650 4 |a failover  |2 eng 
650 4 |a drbd  |2 eng 
650 4 |a pacemaker  |2 eng 
650 4 |a keepalived  |2 eng 
700 1 |a Eliáš, Michal  |u 066000  |k Z1  |4 ths  |U MTF Materiálovotechnologická fakulta  |T MTF Ústav aplikovanej informatiky, automatizácie a mechatroniky  |X 2874  |U M6000  |Y 86  |7 A000002874 
856 4 |u http://is.stuba.sk/zp/portal_zp.pl?podrobnosti=119057 
996 |c M* DP-12964  |l MMSKP  |s P  |a 0  |w stuzp55181_0001 
SQL |a stuzp55181  |b DDP  |c SLO  |d Návrh a realizácia redundantného páru linuxových serverov  |e 45663  |f Matušík, Martin  |g 066000  |h 2874  |i Eliáš, Michal  |j 20160602  |k 965  |l 06  |m http://is.stuba.sk/zp/portal_zp.pl?podrobnosti=119057  |n I-AIPP  |o 5.2.14. automatizácia